000 006310000a22002290004500
001 old004522
003 AR-NuBCU
008 070307s2008||||########|####|0||0||Es#u
020 _a978-603-45300-0-3
082 _a343.24 G 673
100 1 _aGorra, Daniel Gustavo
245 _aFundamentos y fines de la pena: una vision desde la dogmatica penal
260 _aPeru :
_bEdiciones Juridicas del Centro,
_c2008
300 _a101 p.
_b23 cm
500 _aINVENTARIO N° 005854
500 _a5854 INVENTARIO
653 _aDERECHO PENAL
653 _aPENA
653 _aPENA-PRISION
653 _aPRISION-PENA
942 _2ddc
_cBK
999 _c4514
_d4514